[Event "Madrid San Viator op-B 30th"]
[Site "Madrid"]
[Date "2018.04.08"]
[Round "1"]
[White "Del Alamo Fajardo, Fernando"]
[Black "Garcia Lafuente, Luis"]
[Result "0-1"]
[WhiteElo "1324"]
[BlackElo "1577"]
[PlyCount "120"]
[EventDate "2018.04.08"]
[EventType "swiss"]
[EventRounds "9"]
[EventCountry "ESP"]
[SourceTitle "EXT 2019"]
[Source "ChessBase"]
[SourceDate "2018.10.10"]
[SourceVersion "1"]
[SourceVersionDate "2018.10.10"]
[SourceQuality "1"]

1. e4 d5 2. exd5 Qxd5 3. Nc3 Qa5 4. Nf3 Nf6 5. Bc4 e6 6. d3 c6 7. 0-0 Bd6 8. Re1 0-0 9. Bg5 Nbd7 10. h3 b5 11. Bb3 Qc7 12. a3 Bb7 13. Qe2 Rfe8 14. Ne4 Nxe4 15. dxe4 Ne5 16. Nd2 a6 17. Be3 c5 18. f4 Ng6 19. e5 Be7 20. Nf3 c4 21. Ba2 Bc5 22. Rad1 Nxf4 23. Qf2 Bxf3 24. Qxf3 Qxe5 25. Kh1 Bxe3 26. Rxe3 Qf6 27. Rf1 Nd5 28. Qxf6 Nxf6 29. Rd1 Rad8 30. Ree1 Rd5 31. Rxd5 Nxd5 32. c3 Nf4 33. Bb1 Nd3 34. Bxd3 cxd3 35. Rd1 Rd8 36. Kg1 e5 37. Kf2 e4 38. Ke3 f5 39. Rd2 Kf7 40. g3 Kf6 41. Kf4 g5+ 42. Ke3 Ke5 43. Rf2 Rd6 44. Rf1 Rf6 45. Kd2 f4 46. g4 Rd6 47. Re1 h6 48. b3 Rc6 49. Rd1 e3+ 50. Kxd3 Rd6+ 51. Kc2 Rxd1 52. Kxd1 f3 53. c4 bxc4 54. bxc4 Kd4 55. c5 Kxc5 56. Ke1 Kd4 57. Kf1 Kd3 58. Ke1 Kc2 59. Kf1 Kd1 60. a4 e2+ 0-1

[Event "Madrid San Viator op-B 29th"]
[Site "Madrid"]
[Date "2017.11.05"]
[Round "8"]
[White "Del Alamo Fajardo, Fernando"]
[Black "Rendo Quindos, Pedro"]
[Result "0-1"]
[WhiteElo "1383"]
[BlackElo "1550"]
[PlyCount "118"]
[EventDate "2017.09.17"]
[EventType "swiss"]
[EventRounds "9"]
[EventCountry "ESP"]
[SourceTitle "EXT 2019"]
[Source "ChessBase"]
[SourceDate "2018.10.10"]
[SourceVersion "1"]
[SourceVersionDate "2018.10.10"]
[SourceQuality "1"]

1. e4 c5 2. Nf3 Nc6 3. d4 cxd4 4. Nxd4 Nf6 5. Nc3 g6 6. Be3 Bg7 7. Qd2 0-0 8. 0-0-0 d6 9. Bc4 Ng4 10. Nxc6 bxc6 11. h3 Nxe3 12. Qxe3 a5 13. g4 a4 14. f4 Ba6 15. Bxa6 Rxa6 16. e5 a3 17. b3 Qc7 18. Rhe1 dxe5 19. fxe5 e6 20. h4 Ra5 21. Qg3 Qb8 22. h5 Bxe5 23. Qf3 Bxc3 24. Qxc3 Qc7 25. h6 f6 26. Rxe6 Qf4+ 27. Kb1 Rd5 28. Rxd5 cxd5 29. Qe3 Qxg4 30. Kc1 d4 31. Qe4 Qg5+ 32. Kd1 Qxh6 33. Qxd4 Qh5+ 34. Kd2 f5 35. Qc4 Rd8+ 36. Rd6+ Kg7 37. Rxd8 Qg5+ 38. Kc3 Qxd8 39. b4 Qf6+ 40. Qd4 f4 41. Kd3 Qxd4+ 42. Kxd4 Kf6 43. Ke4 g5 44. c4 Ke7 45. c5 Kd7 46. b5 Kc7 47. b6+ Kc6 48. Kf3 h5 49. Kg2 g4 50. Kf2 h4 51. Kg2 f3+ 52. Kg1 g3 53. Kh1 h3 54. Kg1 f2+ 55. Kf1 h2 56. Kg2 f1Q+ 57. Kxf1 h1Q+ 58. Ke2 Qh2+ 59. Ke3 g2 0-1

[Event "Madrid San Viator op-B 29th"]
[Site "Madrid"]
[Date "2017.10.22"]
[Round "5"]
[White "Franco Rincon, David"]
[Black "Del Alamo Fajardo, Fernando"]
[Result "0-1"]
[WhiteElo "1686"]
[BlackElo "1383"]
[PlyCount "66"]
[EventDate "2017.09.17"]
[EventType "swiss"]
[EventRounds "9"]
[EventCountry "ESP"]
[SourceTitle "EXT 2019"]
[Source "ChessBase"]
[SourceDate "2018.10.10"]
[SourceVersion "1"]
[SourceVersionDate "2018.10.10"]
[SourceQuality "1"]

1. e4 e5 2. Nf3 Nc6 3. Bc4 Bc5 4. c3 Nf6 5. d3 d6 6. h3 h6 7. 0-0 0-0 8. a4 a5 9. Re1 Re8 10. Nbd2 Be6 11. Bb5 Bd7 12. Bc4 Be6 13. Bb3 d5 14. Bc2 Qd7 15. Qe2 d4 16. Nf1 Rad8 17. Ng3 Kh7 18. Nh4 g6 19. f4 exf4 20. e5 fxg3 21. exf6 Bxh3 22. Qf1 dxc3+ 23. Kh1 Bxg2+ 24. Kxg2 Rxe1 25. Qxe1 Bf2 26. Qxc3 Qd5+ 27. Nf3 Nd4 28. Bd1 g5 29. Qd2 Re8 30. Qc3 g4 31. Qc4 gxf3+ 32. Bxf3 Qxf3+ 33. Kh3 g2+ 0-1